| 000 | 00457nam a22001697a 4500 | ||
|---|---|---|---|
| 003 | OSt | ||
| 005 | 20180116183043.0 | ||
| 008 | 160225b xxu||||| |||| 00| 0 eng d | ||
| 020 | _a9781784153021 | ||
| 040 | _c0 | ||
| 082 | _a 658.15 CIMA 2015 | ||
| 110 | _aCIMA | ||
| 245 |
_aCIMA F1 Financial Reporting and Taxation _bCIMA Official Study text _c CIMA |
||
| 260 |
_a Great Britain _bKaplan Publishing _c2015 |
||
| 300 | _a778+4 p. | ||
| 942 |
_2ddc _cBK |
||
| 999 |
_c351318 _d351318 |
||